00245nam a2200097Ia 4500008004100000100001500041245003500056260003300091300000900124650001400133190216s9999||||xx |||||||||||||| ||und|| aAsish Boss 0aPopulation Statistics In India bVikas Publishing Housec1978 a445p aEconomics